000 00375nam a22001337a 4500
005 20250819132607.0
008 250819b |||||||| |||| 00| 0 eng d
020 _a9780075536550
050 _aB2424
_b.H433 PHI
245 _aTHE PHILOSOPHY OF HEGEL
_cEdited by CARL J. FRIEDRICH
260 _aNEW YORK
_bRANDOM HOUSE INC
_cc1954
300 _alxiv,; 552p.;
942 _2lcc
_cBK
_n0
999 _c7296
_d7296